| 000 | 00609nam a2200205Ia 4500 | ||
|---|---|---|---|
| 003 | GCL | ||
| 008 | 140319s9999 xx 000 0 ara d | ||
| 040 |
_aGCL / _cGCL |
||
| 082 | 0 | 4 |
_a133 _bس ا |
| 100 | 1 | _aسكارنيك ، ليزي | |
| 245 | 1 | 0 |
_aاسرار المجهول / _cسكارنيك ، ليزي |
| 700 | 1 | _aبليغ الخطيب | |
| 260 |
_aسوريا : _bدار الطليعة الجديدة ، _c2004 |
||
| 300 |
_a422 ص ؛ _c25 سم |
||
| 650 | 0 | 4 | _aالسحر |
| 650 | 0 | 4 | _aالاهرام |
| 650 | 0 | 4 | _aالاشباح |
| 650 | 0 | 4 | _aالظواهر الطبيعية |
| 942 |
_2ddc _cBK |
||
| 999 |
_c36745 _d36745 |
||